=LDR 00000nam 2200000 4500 =001 INLIS000000000004145 =005 20200929091456 =035 ##$$a 0010-061300000004145 =008 200929################g##########0#ind## =041 ##$$a Ind =082 ##$$a 306.05 =090 ##$$a 959.8, Ker =245 ##$$a Keragaman dan Siilang budaya dialog ART-SUMMIT =260 ##$$a Bandung :$b Masyrakat seni pertunjukan Indonesia,$c 1999 =300 ##$$a xii, 217 hlm, ; $c 14 x 23 cm =650 #4$$a Kebudayaan Indonesia =700 #$$a Rahzen, Taufik =850 ##$$a NBPNMAT =084 ##$$a 306.05 KER =250 ##$$a cet. 1 =990 ##$$a 152.145/Pb.2000 =990 ##$$a 152.147/Pb.2000 =990 ##$$a 166019/Hd.01 =990 ##$$a 00051168